Brooklyn follies

Saved in:
書目詳細資料
主要作者: Auster, Paul (Author)
格式: 圖書
語言:英语
出版: Buenos Aires Planeta 2013
版:1a. ed
主題:
標簽: 添加標簽
沒有標簽, 成為第一個標記此記錄!

MARC

LEADER 00000cam a2200000 a 4500
001 UCE9351
003 CL-VaPUC
008 151016e20130000ag |||||||||||||||||eng|d
020 |a 9789875805835 
082 0 4 |a 813  |b AUS  |2 21 
100 0 |a Auster, Paul  |e author  |9 582173 
245 1 0 |a Brooklyn follies 
250 |a 1a. ed 
300 |a 357 p 
942 |c BK 
945 |d 20151016 11:50:00  |a arojas 
260 |a Buenos Aires  |b Planeta  |c 2013 
650 0 |a Novelas estadounidenses  |9 265217 
650 0 |a Literatura estadounidense  |9 317168 
583 |a last modification  |c 20151016 11:50:00  |k Rodrigo Vera 
999 |c 361020  |d 361018